00574nam a2200133Ia 4500008004100000020001800041100005500059245013500114260002700249650002000276856005200296999001900348952007300367171212s9999 xx 000 0 und d a9780833080295 aAuerbach, David I.;Weeks, William B.;Brantley, Ian cAuerbach, David I.;Weeks, William B.;Brantley, IanaHealth Care Spending and Efficiency in the U.S. Department of Veterans Affairs bRAND Corporationc2013 aHealth Sciences uhttp://www.jstor.org/stable/10.7249/j.ctt5hhv36 c352134d352134 001040aCLbCLd2017-12-12l0r2017-12-12 00:00:00w2017-12-12yCBE